गुलवीर की यात्रायें / (Record no. 116242)

MARC details
000 -LEADER
fixed length control field 01516nam a22003137a 4500
005 - DATE AND TIME OF LATEST TRANSACTION
control field 20170124103036.0
010 ## - LIBRARY OF CONGRESS CONTROL NUMBER
LC control number B-073896
020 ## - INTERNATIONAL STANDARD BOOK NUMBER
Terms of availability 125.00
035 ## - SYSTEM CONTROL NUMBER
System control number B-073896
037 ## - SOURCE OF ACQUISITION
Source of stock number/acquisition Cen Lib/Ret
040 ## - CATALOGING SOURCE
Original cataloging agency DPL
Language of cataloging HN
082 ## - DEWEY DECIMAL CLASSIFICATION NUMBER
Classification number
Item number जोनाथ
100 ## - MAIN ENTRY--PERSONAL NAME
Personal name जोनाथन स्विफ्ट
9 (RLIN) 65514
245 ## - TITLE STATEMENT
Title गुलवीर की यात्रायें /
Statement of responsibility, etc जोनाथन स्विफ्ट ;रीमा पराशर [एवं] वेदप्रकाश चित्रांकन शंकर नायक
246 ## - VARYING FORM OF TITLE
Title proper/short title Gulveer ki yatrayen
Remainder of title by Jonathan Swift ;Rima Parashar [evam] vaid Prakash Chitrankan Shankar Nayak
260 ## - PUBLICATION, DISTRIBUTION, ETC. (IMPRINT)
Place of publication, distribution, etc दिल्ली
Name of publisher, distributor, etc ईशान पब्लिकेशन
Date of publication, distribution, etc 2002
270 ## - ADDRESS
Address 30/22ए -प्रथम तल गली न. 9, विश्वास नगर
City दिल्ली
Postal code 110032
300 ## - PHYSICAL DESCRIPTION
Extent 166पृष्ठ. :
Dimensions 201मी(सजिल्द)
Other physical details चित्र.
650 ## - SUBJECT ADDED ENTRY--TOPICAL TERM
Topical term or geographic name as entry element हिंदी साहित्य
9 (RLIN) 65515
650 ## - SUBJECT ADDED ENTRY--TOPICAL TERM
Topical term or geographic name as entry element हिंदी कहानी - गुलवीर
9 (RLIN) 65516
650 ## - SUBJECT ADDED ENTRY--TOPICAL TERM
Topical term or geographic name as entry element Hindi literature
9 (RLIN) 65517
650 ## - SUBJECT ADDED ENTRY--TOPICAL TERM
Topical term or geographic name as entry element Hindi story - Gulveer
9 (RLIN) 65518
700 ## - ADDED ENTRY--PERSONAL NAME
Personal name पराशर, रीमा
9 (RLIN) 65519
700 ## - ADDED ENTRY--PERSONAL NAME
Personal name वाई प्रकाश
9 (RLIN) 65520
700 ## - ADDED ENTRY--PERSONAL NAME
Personal name नायक,शंकर
9 (RLIN) 65521
700 ## - ADDED ENTRY--PERSONAL NAME
Personal name वैद प्रकाश
9 (RLIN) 65522
700 ## - ADDED ENTRY--PERSONAL NAME
Personal name वैद प्रकाश
9 (RLIN) 65523
942 ## - ADDED ENTRY ELEMENTS (KOHA)
Source of classification or shelving scheme Dewey Decimal Classification
Koha item type Hindi Books
Classification part
Call number suffix जोनाथ
Holdings
Withdrawn status Lost status Damaged status Not for loan Home library Current library Date acquired Source of acquisition Cost, normal purchase price Total Checkouts Full call number Barcode Date last seen Date checked out Copy number Cost, replacement price Price effective from Koha item type
        Central Library Central Library 22/08/2015 Cen Lib /Ret 125.00 1 क जोनाथ B-073896 05/10/2018 26/09/2018 1 125.00 22/08/2015 Hindi Books

© Delhi Public Library
Hit Counter
free hit counter